[Event "THA-chT"]
[Site "Bangkok"]
[Date "2015.12.12"]
[Round "7.1"]
[White "Chotitada, Siwawong"]
[Black "Ecot, Lourecel"]
[Result "0-1"]
[WhiteElo "1616"]
[BlackElo "1961"]
[PlyCount "94"]
[EventDate "2015.12.04"]
[EventType "team-swiss"]
[EventRounds "9"]
[EventCountry "THA"]
[SourceTitle "CBM 170 Extra"]
[Source "ChessBase"]
[SourceDate "2016.02.25"]
[SourceVersion "1"]
[SourceVersionDate "2016.02.25"]
[SourceQuality "1"]
[WhiteTeam "Chiang Mai"]
[BlackTeam "Assumption Association"]
[WhiteTeamCountry "THA"]
[BlackTeamCountry "THA"]

1. d4 Nf6 2. c4 e6 3. Nf3 b6 4. Bg5 h6 5. Bxf6 Qxf6 6. e3 Bb7 7. Be2 Qg6 8. 0-0 Be7 9. Bd3 Qh5 10. Nbd2 0-0 11. Be4 c6 12. Ne5 Qxd1 13. Raxd1 d6 14. Nd3 d5 15. cxd5 cxd5 16. Bf3 Ba6 17. Be2 Bd6 18. Rfe1 Rc8 19. Rc1 Nc6 20. a3 Na5 21. Rxc8+ Rxc8 22. Rc1 Rd8 23. Nf4 Bb7 24. Nd3 Kf8 25. f4 Ba6 26. Kf1 g5 27. g3 Nc4 28. Nxc4 Bxc4 29. Ne5 b5 30. e4 Bxe2+ 31. Kxe2 dxe4 32. fxg5 hxg5 33. Rf1 Bxe5 34. dxe5 Rd5 35. Rc1 a5 36. Rc8+ Kg7 37. Ra8 a4 38. Ke3 Rxe5 39. Rb8 f5 40. h4 gxh4 41. gxh4 Rd5 42. Rb6 Kf6 43. h5 Rd3+ 44. Ke2 Rb3 45. h6 Rxb2+ 46. Ke3 Rb3+ 47. Ke2 Rxa3 0-1

[Event "THA-chT"]
[Site "Bangkok"]
[Date "2015.12.04"]
[Round "2.1"]
[White "Kulpruethanon, Thanadon"]
[Black "Ecot, Lourecel"]
[Result "1-0"]
[WhiteElo "2210"]
[BlackElo "1961"]
[PlyCount "41"]
[EventDate "2015.12.04"]
[EventType "team-swiss"]
[EventRounds "9"]
[EventCountry "THA"]
[SourceTitle "EXT 2017"]
[Source "ChessBase"]
[SourceDate "2016.10.25"]
[SourceVersion "1"]
[SourceVersionDate "2016.10.25"]
[SourceQuality "1"]
[WhiteTeam "Din Daeng II"]
[BlackTeam "Assumption Association"]
[WhiteTeamCountry "THA"]
[BlackTeamCountry "THA"]

1. Nf3 d5 2. c4 c6 3. cxd5 cxd5 4. d4 Nc6 5. Nc3 Nf6 6. Bf4 a6 7. Rc1 Bf5 8. e3 e6 9. Qb3 Ra7 10. Be2 Ne4 11. Nxe4 Bxe4 12. 0-0 Bxf3 13. Bxf3 f5 14. g4 fxg4 15. Bxg4 Kf7 16. e4 h5 17. Bxe6+ Kxe6 18. exd5+ Kf5 19. dxc6 Kxf4 20. Qg3+ Kf5 21. c7 1-0